| 000 | 00898cam a2200289 a 4500 | ||
|---|---|---|---|
| 001 | 12987207 | ||
| 003 | OSt | ||
| 005 | 20230606090858.0 | ||
| 008 | 020829s2002 ke 000 0 eng | ||
| 010 | _a 2002375011 | ||
| 020 | _a9966998551 | ||
| 035 | _a(DLC) 2002375011 | ||
| 040 |
_aDLC _cDLC _dDLC |
||
| 042 | _alcode | ||
| 043 | _af-ke--- | ||
| 082 | 0 | 0 |
_a352.4096762 _bIEA |
| 245 | 0 | 4 |
_aThe citizen handbook on the budget : _ba guide to the budget process in Kenya. |
| 246 | 1 | 4 | _aCitizen's handbook on the budget |
| 260 |
_aNairobi : _bInstitute of Economic Affairs, _c2002. |
||
| 300 |
_a57 p. ; _c22 cm. |
||
| 650 | 0 |
_aBudget _zKenya. |
|
| 651 | 0 |
_aKenya _xAppropriations and expenditures. |
|
| 710 | 2 | _aInstitute of Economic Affairs (Kenya) | |
| 906 |
_a7 _bcbc _corigode _d3 _encip _f20 _gy-gencatlg |
||
| 942 |
_2ddc _cBK |
||
| 999 |
_c512 _d512 |
||